Król jedzie!
| Titel: | Król jedzie! : wizyty władców polskich w Gdańsku XV-XVIII w. : katalog wystawy czynnej w Muzeum Gdańska od 6 lipca do 30 października 2018 r. |
|---|---|
| Veröffentlicht: | Gdańsk : Muzeum Gdańska, 2018 |
| Format: | Mehrteiliges Werk |
| Sprache: | Polnisch |
| Schriftenreihe/ mehrbändiges Werk: |
Res Gedanenses : studia i materiały Muzeum Gdańska ; tom 15 |
| Bände: |
alle Bände anzeigen
|
X
alg: 44622857 001A $03004:08-03-19 001B $03004:06-05-19 $t14:25:39.000 001D $03004:06-05-19 001U $0utf8 001X $00 002@ $0Acu 002C $aText $btxt $2rdacontent 002D $aohne Hilfsmittel zu benutzen $bn $2rdamedia 002E $aBand $bnc $2rdacarrier 003@ $0446228575 006C $01083785486 $aOCoLC 007A $0446228575 $aHEB 010@ $apol 010E $erda 011@ $a2018 013D $RKatalog $#Exhibition catalogs $#Expositions $#Cataloghi di esposizioni $74135467-9 $8Ausstellungskatalog [Ts1] $9085499846 $y06.07.2018-30.10.2018 $zDanzig 021A $aKról jedzie! $dwizyty władców polskich w Gdańsku XV-XVIII w. : katalog wystawy czynnej w Muzeum Gdańska od 6 lipca do 30 października 2018 r. 033A $pGdańsk $nMuzeum Gdańska 036E $aRes Gedanenses : studia i materiały Muzeum Gdańska $ltom 15 044K $#Danzig $#Ville Libre de Danzig $#Dantzig $#Ville Libre de Dantzig $#Freistaat Danzig $#Gdańsk $#Freie Stadt Danzig $#Urząd Miejski w Gdańsku $#Gyddanzyc $#Gedanum $#Dantiscum $74011039-4 $8Danzig [Tg1] $9085022225 044K $#Kings and rulers $#Rois et souverains $#Monarch $74024600-0 $8Herrscher [Ts1] $9085061050 044K $RHerrscher $RMonarchie $RKönigin $#Kings and rulers $#Rois et souverains $#Königtum $#Krone Königtum $74031516-2 $8König [Ts1] $9085083461 044K $RBesucher $#Besuche $74144953-8 $8Besuch [Ts1] $9085575291 045F $a909 $eDDC23BSB 045F/01 $a909 045F/03 $f0903 045F/03 $g438 045R $aGeschichte 1401-1800 lok: 44622857 24 exp: 44622857 24 1 #EPN 201B/01 $006-05-19 $t14:22:29.000 201C/01 $008-03-19 201U/01 $0utf8 203@/01 $01047291274 208@/01 $a08-03-19 $bda 209B/01 $aFortsetzung abgeschlossen !050! $x09 220C/01 $aho-sz lok: 44622857 78 exp: 44622857 78 1 #EPN 201B/01 $019-09-19 $t14:24:20.000 201C/01 $019-09-19 201U/01 $0utf8 203@/01 $01060249472 208@/01 $a19-09-19 $be 209A/01 $a/ $f000 $x00 209A/01 $ab*p $x01 220C/01 $apgar 244Z/01 $#Generalgouvernement Polen $#Polska $#Rzeczpospolita Polska $#Polska Rzeczpospolita Ludowa $#Poland $#Pologne $#République Polonaise $#Generalne Gubernatorstwo w Polsce $#Polish People's Republic $#Polska Rzeczpospolita Polen $#PRL $#RP $#Polen Generalgouvernement $#Polska Generalgouvernement $#Besetzte Polnische Gebiete $#Besetztes Gebiet in Polen $#Okupowane Polskie Obszary $#Obszary Okupowane w Polsce $#Volksrepublik Polen $#Polska Rosyjska $#Republic Polen $#Respublika Pol'ša $#Pol'skaja Narodnaja Respublika $#République de Pologne $#Polen Links der Weichsel $#Polska po Lewej Stronie Wisły $#Lenkija $#Polija $#Gubernija Carstva Pol'skago $#Republik Polen $74046496-9 $8--Tg1--Polen $x01 $9085129801 244Z/01 $#Preußen $#Preußen $#Brandenburg-Preußen $#Königreich Preußen $#Preußische Staaten $#Preußischer Staat $#Der @Preußische Staat $#Königlich Preußische Staaten $#Prusy Królewskie $#Königlich Preußen $#Prussia $74047194-9 $8--Tg1--Preußen $x02 $9085131652 247C/01 $82080>Marburg/Lahn, Herder-Institut, Forschungsbibliothek, Bibliographieportal $9336309341
| LEADER | 00000cam a2200000 ca4500 | ||
|---|---|---|---|
| 001 | 446228575 | ||
| 003 | DE-603 | ||
| 005 | 20190506142539.0 | ||
| 007 | tu | ||
| 008 | 190308s2018 xx |||| | u00||u|pol c | ||
| 035 | |a (DE-599)HEB446228575 | ||
| 040 | |a DE-603 |b ger |c DE-603 |d DE-603 |e rda | ||
| 041 | |a pol | ||
| 082 | 0 | 4 | |8 1\u |a 909 |q DE-101 |2 23/BSB |
| 085 | |8 1\u |b 909 | ||
| 085 | |8 1\u |z 1 |s 0903 | ||
| 085 | |8 1\u |z 2 |s 438 | ||
| 245 | 0 | 0 | |a Król jedzie! |b wizyty władców polskich w Gdańsku XV-XVIII w. : katalog wystawy czynnej w Muzeum Gdańska od 6 lipca do 30 października 2018 r. |
| 264 | 1 | |a Gdańsk |b Muzeum Gdańska |c 2018 | |
| 336 | |a Text |b txt |2 rdacontent | ||
| 337 | |a ohne Hilfsmittel zu benutzen |b n |2 rdamedia | ||
| 338 | |a Band |b nc |2 rdacarrier | ||
| 490 | 0 | |a Res Gedanenses : studia i materiały Muzeum Gdańska |v tom 15 | |
| 648 | 7 | |a Geschichte 1401-1800 |2 gnd | |
| 650 | 7 | |a Herrscher |0 (DE-588)4024600-0 |0 (DE-603)085061050 |2 gnd | |
| 650 | 7 | |a König |0 (DE-588)4031516-2 |0 (DE-603)085083461 |2 gnd | |
| 650 | 7 | |a Besuch |0 (DE-588)4144953-8 |0 (DE-603)085575291 |2 gnd | |
| 651 | 7 | |a Danzig |0 (DE-588)4011039-4 |0 (DE-603)085022225 |2 gnd | |
| 655 | 7 | |a Ausstellungskatalog |y 06.07.2018-30.10.2018 |z Danzig |2 gnd-content |0 (DE-588)4135467-9 |0 (DE-603)085499846 | |
| 924 | 0 | |9 603 |a (DE-603)1047291274 |b DE-603 |c HES |d d | |
| 924 | 0 | |9 2080 |a (DE-603)1060249472 |b DE-2080 |c HES |d d |g / | |


